[Event "RUS-ch Eurasia Cup op"]
[Site "Ekaterinburg"]
[Date "2018.08.04"]
[Round "4"]
[White "Matskevich, Ivan"]
[Black "Khrustalev, Artemy"]
[Result "1-0"]
[WhiteElo "1972"]
[BlackElo "1000"]
[PlyCount "57"]
[EventDate "2018.08.01"]
[EventType "swiss"]
[EventRounds "9"]
[EventCountry "RUS"]
[SourceTitle "CBM 185 Extra"]
[Source "ChessBase"]
[SourceDate "2018.07.29"]
[SourceVersion "1"]
[SourceVersionDate "2018.07.29"]
[SourceQuality "1"]

1. e4 Nf6 2. d3 d6 3. g3 c6 4. Bg2 e5 5. Ne2 Bg4 6. h3 Be6 7. 0-0 Qd7 8. Kh2 Na6 9. f4 exf4 10. Nxf4 0-0-0 11. Nxe6 fxe6 12. Be3 Kb8 13. Nc3 e5 14. d4 Be7 15. d5 Nc7 16. Qd3 h5 17. b4 h4 18. g4 Nxg4+ 19. hxg4 Qxg4 20. Ne2 h3 21. Bf3 Qh4 22. Ng3 g6 23. dxc6 bxc6 24. Qa3 Nb5 25. Qa6 Rc8 26. a4 Nd4 27. b5 c5 28. b6 Nc6 29. Rab1 1-0

[Event "Nezhmetdinov Memorial 38th"]
[Site "Kazan"]
[Date "2016.06.06"]
[Round "7"]
[White "Karamov, Stepan"]
[Black "Matskevich, Ivan"]
[Result "0-1"]
[WhiteElo "1785"]
[BlackElo "1976"]
[PlyCount "84"]
[EventDate "2016.05.31"]
[EventType "swiss"]
[EventRounds "9"]
[EventCountry "RUS"]
[SourceTitle "CBM 172 Extra"]
[Source "ChessBase"]
[SourceDate "2016.06.21"]
[SourceVersion "1"]
[SourceVersionDate "2016.06.21"]
[SourceQuality "1"]

1. d4 c5 2. d5 e6 3. c4 exd5 4. cxd5 Nf6 5. Nc3 d6 6. e4 g6 7. f4 Bg7 8. Bb5+ Nfd7 9. a4 0-0 10. Nf3 Na6 11. 0-0 Nc7 12. Bc4 Re8 13. Qc2 Rb8 14. Nb5 Nb6 15. Bd2 Nxc4 16. Qxc4 a6 17. Nxc7 Qxc7 18. Bc3 b5 19. axb5 axb5 20. Qe2 f6 21. b3 b4 22. Bb2 Bf5 23. Nd2 Bxe4 24. Nxe4 f5 25. Bxg7 Rxe4 26. Qb2 Qxg7 27. Qxg7+ Kxg7 28. Ra7+ Kf6 29. Rd7 Rb6 30. g3 Re7 31. Rxe7 Kxe7 32. Ra1 Rb7 33. Kf2 Kd8 34. Ra6 Rd7 35. Kf3 Kc7 36. Rc6+ Kd8 37. Ra6 Kc7 38. Rc6+ Kb7 39. h3 Rc7 40. Rxd6 c4 41. Re6 cxb3 42. Re2 Rc3+ 0-1

[Event "Nezhmetdinov Memorial 38th"]
[Site "Kazan"]
[Date "2016.06.04"]
[Round "5"]
[White "Matskevich, Ivan"]
[Black "Kurninov, Andrei"]
[Result "1-0"]
[WhiteElo "1976"]
[BlackElo "1772"]
[PlyCount "51"]
[EventDate "2016.05.31"]
[EventType "swiss"]
[EventRounds "9"]
[EventCountry "RUS"]
[SourceTitle "CBM 172 Extra"]
[Source "ChessBase"]
[SourceDate "2016.06.21"]
[SourceVersion "1"]
[SourceVersionDate "2016.06.21"]
[SourceQuality "1"]

1. e4 c5 2. a3 g6 3. Nc3 Bg7 4. g3 e6 5. Bg2 Ne7 6. d3 Nbc6 7. Be3 Nd4 8. Rb1 Qa5 9. Qd2 0-0 10. Nge2 Nec6 11. 0-0 d6 12. Nc1 Ne5 13. Qd1 h5 14. h3 Bd7 15. f4 Nec6 16. N3e2 f5 17. c3 Nxe2+ 18. Nxe2 e5 19. Qb3+ Kh7 20. Qxb7 Qd8 21. exf5 Rb8 22. fxg6+ Kxg6 23. Qa6 Rb6 24. Qa4 Bf5 25. Bxc6 Bxd3 26. Be4+ 1-0

[Event "Nezhmetdinov Memorial 38th"]
[Site "Kazan"]
[Date "2016.05.31"]
[Round "1"]
[White "Matskevich, Ivan"]
[Black "Mohammad, Nubairshah Shaikh"]
[Result "0-1"]
[WhiteElo "1976"]
[BlackElo "2413"]
[PlyCount "52"]
[EventDate "2016.05.31"]
[EventType "swiss"]
[EventRounds "9"]
[EventCountry "RUS"]
[SourceTitle "CBM 172 Extra"]
[Source "ChessBase"]
[SourceDate "2016.06.21"]
[SourceVersion "1"]
[SourceVersionDate "2016.06.21"]
[SourceQuality "1"]

1. e4 c5 2. Nc3 a6 3. a4 e6 4. g3 d5 5. exd5 exd5 6. d4 Nf6 7. Nge2 Bg4 8. Bg2 cxd4 9. Qxd4 Nc6 10. Qe3+ Be7 11. h3 Bf5 12. Nd4 Nxd4 13. Qxd4 Bxc2 14. Nxd5 Nxd5 15. Qxd5 Qxd5 16. Bxd5 0-0-0 17. Bf3 Bd3 18. Be2 Bb4+ 19. Kf1 Be4 20. f3 Bc6 21. Kg2 Rhe8 22. Bc4 b5 23. axb5 axb5 24. Bf1 Re1 25. Ra6 Rxc1 26. Bxb5 Rd2+ 0-1

[Event "Zudov Memorial 10th"]
[Site "Nizhnij Tagil"]
[Date "2014.09.14"]
[Round "4"]
[White "Povodyr, Alexander"]
[Black "Matskevich, Ivan"]
[Result "0-1"]
[WhiteElo "1811"]
[BlackElo "1949"]
[PlyCount "84"]
[EventDate "2014.09.11"]
[EventType "swiss"]
[EventRounds "9"]
[EventCountry "RUS"]
[SourceTitle "CBM 162 Extra"]
[Source "ChessBase"]
[SourceDate "2014.10.17"]
[SourceVersion "1"]
[SourceVersionDate "2014.10.17"]
[SourceQuality "1"]

1. d4 Nf6 2. Bg5 Ne4 3. Bh4 d5 4. f3 Nd6 5. Nc3 Nc4 6. Qc1 Nc6 7. b3 Nb6 8. e3 Bf5 9. Bd3 Bg6 10. Nh3 Qd7 11. 0-0 e5 12. dxe5 Nxe5 13. Nf4 a6 14. a3 Nxd3 15. cxd3 Bd6 16. e4 d4 17. Ncd5 Nc8 18. Ne2 0-0 19. Qc4 c5 20. a4 b5 21. Qc2 Rb8 22. a5 f6 23. Bg3 Bf7 24. Rfc1 Bxd5 25. exd5 Re8 26. Nf4 Ne7 27. Nh5 Rbc8 28. Qf2 Nxd5 29. Bxd6 Qxd6 30. Qh4 Ne3 31. Ng3 f5 32. Qg5 Re6 33. b4 Rg6 34. Nxf5 Rxg5 35. Nxd6 Rxg2+ 36. Kh1 Rf8 37. Rxc5 g6 38. Rac1 Rxf3 39. Rc8+ Kg7 40. R1c7+ Kh6 41. Rf7 Rh3 42. Nf5+ Kg5 0-1

[Event "Zudov Memorial 10th"]
[Site "Nizhnij Tagil"]
[Date "2014.09.13"]
[Round "3"]
[White "Tsvetkov, Pavel"]
[Black "Matskevich, Ivan"]
[Result "1-0"]
[WhiteElo "2181"]
[BlackElo "1949"]
[PlyCount "65"]
[EventDate "2014.09.11"]
[EventType "swiss"]
[EventRounds "9"]
[EventCountry "RUS"]
[SourceTitle "CBM 162 Extra"]
[Source "ChessBase"]
[SourceDate "2014.10.17"]
[SourceVersion "1"]
[SourceVersionDate "2014.10.17"]
[SourceQuality "1"]

1. e4 c5 2. Nf3 d6 3. d4 cxd4 4. Qxd4 Bd7 5. Be2 Nc6 6. Qe3 Nf6 7. c4 g6 8. 0-0 Bg7 9. Nc3 0-0 10. h3 a6 11. b3 Qa5 12. Bb2 Nxe4 13. Na4 Bxb2 14. Nxb2 Nf6 15. Na4 Rab8 16. Nb6 Bf5 17. g4 Bxg4 18. hxg4 Nxg4 19. Qg5 Qxb6 20. Qxg4 f5 21. Qh4 Kg7 22. Kg2 h6 23. Rh1 Rh8 24. Rag1 e5 25. Kf1 e4 26. Rxg6+ Kxg6 27. Rg1+ Kh7 28. Ng5+ Kg8 29. Nxe4+ Kf7 30. Qf6+ Ke8 31. Nxd6+ Kd7 32. Rg7+ Ne7 33. Rxe7+ 1-0

[Event "Zudov Memorial 10th"]
[Site "Nizhnij Tagil"]
[Date "2014.09.11"]
[Round "1"]
[White "Matskevich, Ivan"]
[Black "Ovetchkin, Roman"]
[Result "0-1"]
[WhiteElo "1949"]
[BlackElo "2524"]
[PlyCount "94"]
[EventDate "2014.09.11"]
[EventType "swiss"]
[EventRounds "9"]
[EventCountry "RUS"]
[SourceTitle "CBM 162 Extra"]
[Source "ChessBase"]
[SourceDate "2014.10.17"]
[SourceVersion "1"]
[SourceVersionDate "2014.10.17"]
[SourceQuality "1"]

1. e4 c6 2. d4 d5 3. Nc3 dxe4 4. Nxe4 Bf5 5. Ng3 Bg6 6. h4 h6 7. h5 Bh7 8. Nf3 Nd7 9. Bd3 Bxd3 10. Qxd3 e6 11. Bd2 Ngf6 12. 0-0-0 Be7 13. Kb1 Qb6 14. c4 0-0 15. Rhe1 Rfd8 16. Qe2 a5 17. Ne5 c5 18. Nxd7 Rxd7 19. dxc5 Bxc5 20. Bc3 Bd4 21. Bxd4 Rxd4 22. Rxd4 Qxd4 23. Rd1 Qf4 24. Qd2 Qxc4 25. Rc1 Qb5 26. Qd4 Qd5 27. Qxd5 Nxd5 28. Ne2 Kf8 29. Rc4 Rd8 30. a3 Ke7 31. Kc2 Rd7 32. Nc3 Nxc3 33. Kxc3 g6 34. hxg6 fxg6 35. Ra4 Rd5 36. b4 axb4+ 37. axb4 Kf6 38. Ra7 b5 39. Rc7 h5 40. f4 Kf5 41. Rf7+ Ke4 42. Rf6 Rd3+ 43. Kc2 Rg3 44. Rxe6+ Kxf4 45. Rf6+ Ke3 46. Rb6 Rxg2+ 47. Kc3 Rg5 0-1

[Event "Nezhmetdinov Memorial 36th"]
[Site "Kazan"]
[Date "2014.06.06"]
[Round "7"]
[White "Matskevich, Ivan"]
[Black "Kleimenov, Ivan"]
[Result "1-0"]
[WhiteElo "2009"]
[BlackElo "1526"]
[PlyCount "119"]
[EventDate "2014.05.31"]
[EventType "swiss"]
[EventRounds "9"]
[EventCountry "RUS"]
[SourceTitle "CBM 160 Extra"]
[Source "ChessBase"]
[SourceDate "2014.07.01"]
[SourceVersion "1"]
[SourceVersionDate "2014.07.01"]
[SourceQuality "1"]

1. e4 c6 2. d4 g6 3. Nc3 d5 4. e5 Bg7 5. f4 e6 6. Nf3 Nd7 7. Be3 b6 8. Be2 Bb7 9. 0-0 Ne7 10. Bf2 h5 11. Bh4 Bh6 12. Qd2 Qc7 13. Bxe7 Kxe7 14. Ng5 Rag8 15. h4 Nb8 16. Rfc1 Qc8 17. Na4 Kf8 18. b3 Qd7 19. Rd1 Kg7 20. Rac1 Rc8 21. c4 Rhd8 22. Nb2 Rh8 23. Bf3 Qe7 24. g3 Qa3 25. Qc2 Qe7 26. Nh3 Rh7 27. Qd3 Rhh8 28. Rc2 Qa3 29. Rdd2 Qe7 30. Nd1 Ba6 31. Ne3 Rhf8 32. Rd1 f5 33. exf6+ Qxf6 34. Qd2 Bb7 35. Rdc1 Rce8 36. Re1 Rc8 37. Qd1 Rce8 38. Rce2 Re7 39. cxd5 cxd5 40. Ng5 Bxg5 41. hxg5 Qf7 42. Kf2 h4 43. Ng2 hxg3+ 44. Kxg3 Ba6 45. Re3 Rfe8 46. Bg4 Nc6 47. Rh1 Rh8 48. Nh4 Rf8 49. Ng2 Rh8 50. Ree1 Ree8 51. Rxh8 Rxh8 52. Bxe6 Qf8 53. Bxd5 Nb4 54. Bf3 Nxa2 55. d5 Nb4 56. d6 Bd3 57. Re7+ Kg8 58. Qe1 Nc2 59. Qe6+ Qf7 60. Qxf7# 1-0